书目信息 |
| 题名: |
美国大学校园的可持续规划与设计
|
|
| 作者: | 黄献明 , 李涛 著 | |
| 分册: | ||
| 出版信息: | 北京 中国建筑工业出版社 2017.3 |
|
| 页数: | 12,263页 | |
| 开本: | 26cm | |
| 丛书名: | ||
| 单 册: | ||
| 中图分类: | TU244.3 | |
| 科图分类: | ||
| 主题词: | 高等学校--教育建筑--建筑设计--美国 | |
| 电子资源: | ||
| ISBN: | 978-7-112-20234-8 | |
| 000 | 01746nam0 2200289 450 | |
| 001 | 0400001630 | |
| 005 | 20171019092145.0 | |
| 010 | @a978-7-112-20234-8@dCNY118.00 | |
| 100 | @a20170524e2017 em y0chiy50 ea | |
| 101 | 0 | @achi |
| 102 | @aCN@b110000 | |
| 105 | @aa z 000yy | |
| 106 | @ar | |
| 200 | 1 | @a美国大学校园的可持续规划与设计@9mei guo da xue xiao yuan de ke chi xu gui hua yu she ji@dA research on the sustainable planning & design of American university campus@zeng@f黄献明,李涛著 |
| 210 | @a北京@c中国建筑工业出版社@d2017.3 | |
| 215 | @a12,263页@c图,照片@d26cm | |
| 300 | @a本研究受国家留学基金和“十二五”国家科技支撑计划课题资助 | |
| 314 | @a黄献明,男,2006年博士毕业于清华大学,2015-2016年美国宾夕法尼亚大学访问学者,发表学术论文二十余篇,作为第一作者出版《生态设计之路》、《生态设计手册》等学术专著。 | |
| 314 | @a李涛,女,2006年硕士毕业于东南大学,国家一级注册建筑师,高级工程师,发表学术论文十余篇,合作编著出版《太阳能建筑经典设计图册》等学术专著。 | |
| 330 | @a本研究在梳理美国大学校园可持续规划理论与实践的时代背景基础上,对155所美国重要大学或学院,在过去10年制订的校园总体规划进行整理,从规划、景观、交通、建筑等四个关键层面,对可持续发展目标与空间规划策略之间的关系进行分析,并以宾夕法尼亚大学作为样本,完整展现美国大学校园可持续规划理论的发展脉络,形成:从校园发展历史到最新规划的形成、从总体规划到单体建筑、从建成环境的设计到后期运营与维护的美国大学校园可持续规划与设计的完整图景。 | |
| 510 | 1 | @aResearch on the sustainable planning & design of American university campus@zeng |
| 606 | 0 | @a高等学校@x教育建筑@x建筑设计@y美国 |
| 690 | @aTU244.3@v5 | |
| 701 | 0 | @a黄献明@9huang xian ming@4著 |
| 701 | 0 | @a李涛@9li tao@4著 |
| 801 | 0 | @aCN@b91MARC@c20171019 |
| 905 | @b1025481-5@dTU244.3@f5@e1039 | |
| 美国大学校园的可持续规划与设计=A research on the sustainable planning & design of American university campus/黄献明,李涛著.-北京:中国建筑工业出版社,2017.3 |
| 12,263页:图,照片;26cm |
| 本研究受国家留学基金和“十二五”国家科技支撑计划课题资助 |
| ISBN 978-7-112-20234-8:CNY118.00 |
| 本研究在梳理美国大学校园可持续规划理论与实践的时代背景基础上,对155所美国重要大学或学院,在过去10年制订的校园总体规划进行整理,从规划、景观、交通、建筑等四个关键层面,对可持续发展目标与空间规划策略之间的关系进行分析,并以宾夕法尼亚大学作为样本,完整展现美国大学校园可持续规划理论的发展脉络,形成:从校园发展历史到最新规划的形成、从总体规划到单体建筑、从建成环境的设计到后期运营与维护的美国大学校园可持续规划与设计的完整图景。 |
| ● |
| 相关链接 |
|
|
|
|
正题名:美国大学校园的可持续规划与设计
索取号:TU244.3/1039
 
预约/预借
| 序号 | 登录号 | 条形码 | 馆藏地/架位号 | 状态 | 备注 |
| 1 | 1025481 | 210254810 | 第二样本阅览室/ [索取号:TU244.3/1039] | 在馆 | |
| 2 | 1025482 | 210254829 | 密集书库-生命科学系/ [索取号:TU244.3/1039] | 在馆 | |
| 3 | 1025483 | 210254838 | 第三借阅区/ [索取号:TU244.3/1039] | 在馆 | |
| 4 | 1025484 | 210254847 | 第三借阅区/ [索取号:TU244.3/1039] | 在馆 | |
| 5 | 1025485 | 210254856 | 第三借阅区/ [索取号:TU244.3/1039] | 在馆 |